Länder, die Australien schlagen - Statistiken

Allgemein
  • Dieses Quiz wurde 476 mal gespielt
  • Das Durchschnittsergebnis liegt bei 11 aus 16
Antwortstatistiken
Rang Kategorie Länder % Korrekt
3 Südlichster Punkt Argentinien | Chile
98%
9 In alphabetischer Reihenfolge Afghanistan | Albanien | Algerien | Andorra | Angola | Antigua und Barbuda | Argentinien | Armenien
93%
2 Größte Fläche in den Tropen Brasilien
89%
11 Höchste Lebenserwartung (2021) Monaco | Singapur | Japan | San Marino | Kanada | Island | Andorra | Israel | Schweiz | Malta
88%
2 Meiste Hai-Attacken aller Zeiten Vereinigte Staaten
75%
3 Rugby-Union-Weltmeisterschaft der Männer Neuseeland | Südafrika
74%
4 Niedrigste Bevölkerungsdichte Mongolei | Namibia | Island
72%
10 Höchstes durchschnittliches Preisniveau Norwegen | Island | Schweiz | Marshallinseln | Mikronesien | Iran | Vanuatu | Barbados | Israel
67%
3 Große Anzahl von giftigen Tierarten Brasilien | Mexiko
66%
13 Niedrigste menschliche Aussetzung mit Luftverschmutzung Finnland | Brunei | Neuseeland | Schweden | Kanada | Island | Estland | Norwegen | Vereinigte Staaten | Malediven | Portugal | Irland
64%
7 Höchster Index der menschlichen Entwicklung (2020) Norwegen | Irland | Schweiz | Island | Deutschland | Schweden
56%
3 Meiste Schafe pro Kopf Mongolei | Neuseeland
56%
3 Meiste Schafe China | Indien
53%
2 Am häufigsten von Queen Elizabeth II besucht Kanada
53%
2 Bestes Land, in dem man geboren werden kann (Basierend auf Economist, 2013) Schweiz
43%
8 Höchste Kohlendioxidemissionen pro Kopf Palau | Katar | Trinidad und Tobago | Kuwait | Vereinigte Arabische Emirate | Bahrain | Oman | Saudi-Arabien
24%
Keine übereinstimmenden Quizze gefunden
Verteilung der Resultate
Anzahl Personen mit jedem Resultat
Perzentil nach korrekt beantworteten Fragen
Ihre Resultats-Entwicklung
Sie haben dieses Quiz noch nicht gespielt